The Ottomans and the Mamluks : Imperial diplomacy and warfare in the Islamic world /

محفوظ في:

المؤلف الرئيسي: Muslu, Cihan Yüksel (مؤلف)

التنسيق: كتاب

اللغة: English

منشور في: London : I.B. Tauris, 2014.

سلاسل: Library of Ottoman studies ; 36.

الموضوعات:

الوسوم: إضافة وسم

لا توجد وسوم, كن أول من يضع وسما على هذه التسجيلة!

رقم الطلب: DR479 .I742 M87 2014

LEADER 01257namaa2200265 4500
003 OSt
005 20260122122416.0
008 130303s2014 enk b 001 0 eng d
020 |a 9781784536701 
040 |c ARCE Library 
043 |a e-tu--- 
050 4 |a DR479 .I742 M87 2014 
100 1 |a Muslu, Cihan Yüksel,  |e author  |9 36550 
245 1 4 |a The Ottomans and the Mamluks :  |b Imperial diplomacy and warfare in the Islamic world /  |c Cihan Yuksel Muslu. 
264 1 |a London :   |b I.B. Tauris,   |c 2014. 
300 |a xii, 376 pages ;  |c 22 cm. 
490 1 |a Library of Ottoman studies ;   |v 36. 
504 |a Includes bibliographical references (pages 340-364) and index. 
505 0 |a 1. The Tools of Diplomacy -- 2. Perceptions in Transformation (c. 1350-1402) -- 3. From Titulature to Geopolitical Affairs: An Age of Negotiations (1413-1451) -- 4. Imperial Ambition Resurrected (1453-1481) -- 5. From Captivity Narratives to a Peace Treaty: A New Era of Image-Building (1481-1491) -- 6. From Warfare to Alliance: The Intricacies of Imperial Diplomacy (1491-1512. 
650 0 |a Mamelukes  |x History. 
651 0 |a Turkey  |x Foreign relations  |y Islamic Empire. 
830 0 |a Library of Ottoman studies ;   |v 36. 
901 |a reviewed 
942 |c BK  |2 lcc 
999 |c 8760  |d 8760